| 000 | 01302nam a22001817a 4500 | ||
|---|---|---|---|
| 008 | 110829t xxu||||| |||| 00| 0 eng d | ||
| 020 | _a0673468062 9780673468062 | ||
| 050 | _aHB171.5 .M46 | ||
| 100 |
_aMcCarty, Marilu Hurt _qMarilu Hurt McCarty |
||
| 245 |
_aDollars and sense : an introduction to economics _cMarilu Hurt McCarty |
||
| 250 | _a7th ed | ||
| 260 |
_aNew York, NY _bHarperCollins College Publishers _cNew York, NY : HarperCollins College Publishers, c1994 |
||
| 300 |
_axiii, 372 p. _bill. _c24 cm |
||
| 500 | _aIncludes bibliographical references and index | ||
| 505 | _aContents: Chap. 1. Scarcity and choice -- Chap. 2. Demand and supply: The Basics -- Chap. 3. More about demand: Price elasticity -- Chap. 4. More about supply: Costs of production and price elasticity of supply -- Chap. 5. Imperfect competition and inefficient outcomes -- Chap. 6. Labor markets and the labor movement -- Chap. 7. Measuring economic activity -- Chap. 8. Cycles in economic activity -- Chap. 9. Government finance and fiscal policy -- Chap. 10. Financial institutions and monetary policy -- Chap. 14. Inflation -- Chap. 12. Unemployment -- Chap. 13. Poverty and income distribution -- Chap. 14. Economic growth -- Chap. 15. Global trade and finance | ||
| 650 | _aEconomics | ||
| 942 |
_2lcc _cBK |
||
| 999 |
_c41 _d7541 |
||